| 000 | 00478nam a22001457a 4500 | ||
|---|---|---|---|
| 005 | 20260204082339.0 | ||
| 008 | 260204b |||||||| |||| 00| 0 eng d | ||
| 040 | _cJHCSC | ||
| 082 | _a005 An543 2002 | ||
| 100 |
_aAntonio M. Andes Sr. _eAuthor _910086 |
||
| 245 |
_aSimple Excel XP _cAntonio M. Andes Sr. | Antonio M. Andes Jr. |
||
| 260 |
_a#25.1 Francisco St., Malinta, Valenzuela City _bAndes Mountain Printers _c2008 |
||
| 300 |
_aVI, M30 _bIllustrations |
||
| 942 |
_2ddc _cBOOK |
||
| 999 |
_c11305 _d11305 |
||